000 01009nmc a2200325 a 4500
003 AR-BaBNM
005 20251128203131.0
008 117019s1981 ||||||||||||||000 | spa||
040 _cAR-BaBNM
100 1 _aMayer, Jorge M.
245 1 0 _aAgüero, o, El dogmatismo constitucional
246 1 _aEl dogmatismo constitucional
260 _aBuenos Aires
_bAcademia Nacional de Derecho y Ciencias Sociales
_c1981
300 0 _a217 p.
490 0 _aObras
_vv. 18
650 4 _aPERIODO HISPANICO
650 4 _aHISTORIA DE LA EDUCACION
650 4 _aPERIODO INDEPENDIENTE
650 4 _aREVOLUCION DE MAYO
650 4 _aGUERRAS CIVILES ARGENTINAS
650 4 _aCONGRESO CONSTITUYENTE DE 1824
650 4 _aANTECEDENTES DE LA REVOLUCION DE MAYO
650 4 _aHISTORIA POLITICA
650 4 _aBIOGRAFIAS
650 4 _aHISTORIA SOCIAL
710 2 _aAcademia Nacional de Derecho y Ciencias Sociales [Argentina]
800 1 _aLinares Quintana, Segundo
_edirector
942 _cBK
998 _cmariana
999 _c2050
_d2050